Les pays d'Europe par superficie - Statistiques

Statistiques générales
  • Ce quiz a été pris 471 fois
  • Le résultat moyen est 22 sur 46
Statistiques - réponses
# Superficie (km2) Réponse % Correct
1 17 125 191 Russie
100%
3 632 734 France
85%
4 603 549 Ukraine
84%
5 505 911 Espagne
79%
8 357 386 Allemagne
76%
6 449 965 Suède
74%
2 2 210 579 Danemark
72%
7 385 207 Norvège
71%
10 312 679 Pologne
71%
9 338 145 Finlande
69%
11 301 336 Italie
65%
13 238 397 Roumanie
63%
12 246 690 Royaume-Uni
62%
14 207 600 Biélorussie
58%
46 0,439 Vatican
57%
45 2,027 Monaco
55%
41 468 Andorre
52%
44 61,19 St-Marin
52%
15 131 957 Grèce
51%
43 160 Liechtenstein
51%
16 110 944 Bulgarie
50%
40 2 586 Luxembourg
49%
42 316 Malte
48%
19 92 358 Portugal
42%
18 93 028 Hongrie
41%
20 83 871 Autriche
37%
38 10 908 Kosovo
37%
17 102 775 Islande
36%
37 13 812 Monténégro
35%
22 77 474 Serbie
34%
21 78 870 Tchéquie
34%
23 70 273 Irlande
31%
31 41 285 Suisse
29%
33 30 688 Belgique
27%
24 65 303 Lituanie
27%
36 20 273 Slovénie
27%
27 51 197 Bosnie-Herzégovine
26%
25 64 559 Lettonie
26%
35 25 713 Macédoine du Nord
26%
28 49 035 Slovaquie
26%
39 9 251 Chypre
25%
30 41 530 Pays-Bas
25%
26 56 594 Croatie
24%
29 45 339 Estonie
23%
34 28 748 Albanie
22%
32 33 851 Moldavie
22%
Aucun quiz correspondant
Distribution des résultats
% des personnes avec chaque résultat
Percentile par nombre de réponses
Votre historique - résultats
Vous n’avez pas pris ce quiz